01069nam a2200289 a 4500001001300000003000900013005001700022008004100039020001000080082001400090100001600104245002800120260004700148300000800195500003500203505001600238650001600254700001600270902000800286942000700294952009300301952009300394952009300487952009300580952009300673999001300766nice12345678IN_TiNIC20260116011319.0050524s1909 mada grp 000 0 eng  ac10000a239bSEL3 aSell, Canon aRecensions of the Quran aMadrasbChristian Literature Societyc1909 a24p aincludes index and biblioraphy2 aArabic-Urdu aApologetics1 aSell, Canon bSRS cBK 00104070aHMIbHMId2016-04-22g100.00l0o239 SEL3p144r0000-00-00w2026-01-16yARB 00104070aHMIbHMId2016-04-22g100.00l0o239 SEL3p145r0000-00-00w2026-01-16yARB 00104070aHMIbHMId2016-04-22g100.00l0o239 SEL3p157r0000-00-00w2026-01-16yARB 00104070aHMIbHMId2016-04-22g100.00l0o239 SEL3p158r0000-00-00w2026-01-16yARB 00104070aHMIbHMId2016-04-22g100.00l0o239 SEL3p5933r0000-00-00w2026-01-16yEB c425d425